000 01091cam a2200325 a 4500
001 579998
003 OSt
005 20211110121806.0
008 900509s1990 njua j b 001 0 eng
010 _a 90012578
020 _a0531108791
040 _aDLC
_chu
_dDLC
042 _alcac
043 _an-us---
050 0 0 _aHV5066
_b.S55 1990
082 0 0 _a362.29/2
_220
100 1 _aSilverstein, Herma.
_917685
245 1 0 _aAlcoholism /
_cHerma Silverstein.
260 _aNew York :
_bFranklin Watts,
_c1990.
300 _a126 p. :
_bill. ;
_c24 cm.
490 0 _aA Venture book
504 _aIncludes bibliographical references (p. 122-123 )and index.
520 _aDiscusses how alcohol affects the body and the lives of both alcoholics and those closest to them.
650 0 _aAlcoholism
_xJuvenile literature.
_917686
650 0 _aAlcoholics
_xRehabilitation
_zUnited States
_xJuvenile literature.
_917687
650 1 _aAlcoholism.
_917688
906 _a7
_bcbc
_corignew
_d1
_eocip
_f19
_gy-gencatlg
942 _2ddc
_cBOOKS
_n0
999 _c17501
_d17501